• 首页
  • 本馆介绍
  • 公告通知
  • 最新文献
  • 馆藏检索
  • 电子资源
  • 读者导购
  • 参考咨询
  • 我的图书馆
  • 登录
  • 详细信息显示
  • 放入我的书架
  • 预约/预借图书
  • 作者相关作品
  • 分类相关作品
  • 丛书相关作品
  • 出版社相关作品

书目信息

  • 表格格式
  • 工作单格式
  • 卡片格式
题名:
核动力的安全问题
    
 
作者: 霍格顿 著 ;石庆元 译
分册:  
出版信息: 北京   原子能出版社  1982
页数: 34页
开本: 19cm
丛书名: 原子能知识丛书
单 册:
中图分类: TL36
科图分类:
主题词: 反应堆安全--研究
电子资源:
ISBN:
000 00754nam2 2200265 45
001 0182010957
005 20060818172920.39
010    @dCNY0.17
091    @a15175.356
100    @a19950531d1982 emky0chiy0121 ea
101 1  @achi@ceng
102    @aCN@b110000
105    @ay z 000yy
200 10 @a核动力的安全问题@Ahe dong li de an quan wen ti@fJ·F· 霍格顿著@FJ·F·huo ge dun zhu@g石庆元译
210    @a北京@c原子能出版社@d1982
215    @a34页@d19cm
225 2  @a原子能知识丛书
410  0 @120010@a原子能知识丛书
606    @a反应堆安全@x研究
690    @aTL36@v3 
701  1 @a霍格顿@Ahuo ge dun@4著
702  0 @a石庆元@Ashi qing yuan@4译
801  0 @aCN@bTSSF@c20060818
801  2 @aCN@bNLC@c20060704
905    @a10447@dTL36@e20
    
    核动力的安全问题/J·F· 霍格顿著/石庆元译.-北京:原子能出版社,1982
    34页;19cm.-(原子能知识丛书)
    
    
    ISBN :CNY0.17
    
●
相关链接 在E读中查询图书 在五车中查询图书 在当当中查询图书 在豆瓣中查询图书


正题名:核动力的安全问题     索取号:TL36/20         预约/预借

序号 登录号 条形码 馆藏地/架位号 状态 备注
1 0421510   204215107   密集书库/ [索取号:TL36/20] 在馆    
2 0458881   204588810   密集书库/ [索取号:TL36/20] 在馆    
唐山师范学院图书馆 欢迎您!
大连网信软件有限公司© 版权所有